[Event "Calvi Balagne op 10th"]
[Site "Calvi"]
[Date "2013.04.13"]
[Round "2"]
[White "Bacrot, Etienne"]
[Black "Battesti, Leo"]
[Result "1-0"]
[WhiteElo "2705"]
[BlackElo "1732"]
[PlyCount "31"]
[EventDate "2013.04.13"]
[EventType "swiss (rapid)"]
[EventRounds "9"]
[EventCountry "FRA"]
[SourceTitle "CBM 153 Extra"]
[Source "ChessBase"]
[SourceDate "2013.04.22"]
[SourceVersion "1"]
[SourceVersionDate "2013.04.22"]
[SourceQuality "1"]

1. d4 Nf6 2. Nf3 c5 3. d5 d6 4. Nc3 g6 5. e4 Bg7 6. Bb5+ Bd7 7. Be2 0-0 8. a4 Na6 9. 0-0 Nc7 10. h3 b5 11. axb5 Qb8 12. e5 dxe5 13. Nxe5 Bxb5 14. Nxb5 Nxb5 15. Nc6 Qc7 16. Bxb5 1-0

[Event "Biguglia op"]
[Site "Biguglia"]
[Date "2007.05.??"]
[Round "?"]
[White "Rossi, Pascal"]
[Black "Battesti, Leo"]
[Result "1-0"]
[WhiteElo "1851"]
[BlackElo "1851"]
[PlyCount "27"]
[EventDate "2007.05.??"]
[EventType "swiss"]
[EventRounds "5"]
[EventCountry "FRA"]
[SourceTitle "CBM 118 Extra"]
[Source "ChessBase"]
[SourceDate "2007.07.04"]
[SourceVersion "1"]
[SourceVersionDate "2007.07.04"]
[SourceQuality "1"]

1. d4 Nf6 2. f3 c5 3. d5 d6 4. e4 g6 5. Nc3 Bg7 6. Be3 0-0 7. Qd2 Re8 8. Bb5 Bd7 9. Bxd7 Nbxd7 10. Bh6 Bh8 11. h4 b5 12. h5 Nxh5 13. Rxh5 gxh5 14. Qg5+ 1-0

[Event "Corsica-chT"]
[Site "Porticcio"]
[Date "2007.04.01"]
[Round "4.3"]
[White "Battesti, Leo"]
[Black "Bigonnet, Jean Michel"]
[Result "0-1"]
[WhiteElo "1847"]
[BlackElo "1660"]
[PlyCount "78"]
[EventDate "2007.03.07"]
[EventType "team"]
[EventRounds "9"]
[EventCountry "FRA"]
[SourceTitle "CBM 117 Extra"]
[Source "ChessBase"]
[SourceDate "2007.05.09"]
[SourceVersion "1"]
[SourceVersionDate "2007.05.09"]
[SourceQuality "1"]
[WhiteTeam "I Scacchi Di U Centru"]
[BlackTeam "Corsica CC II"]
[WhiteTeamCountry "FRA"]
[BlackTeamCountry "FRA"]

1. Nf3 d5 2. c4 dxc4 3. Na3 c6 4. Nxc4 Nf6 5. g3 e6 6. Bg2 Be7 7. 0-0 0-0 8. d4 Na6 9. b3 Nc7 10. Bb2 Ncd5 11. Ncd2 Bb4 12. Rc1 a5 13. e4 Bxd2 14. Nxd2 Nb4 15. Ra1 Re8 16. Nc4 b5 17. Ne3 Bb7 18. a3 Na6 19. f4 c5 20. d5 exd5 21. Bxf6 Qxf6 22. e5 Qd8 23. Nxd5 Bxd5 24. Qxd5 Qxd5 25. Bxd5 Rab8 26. Rad1 b4 27. a4 Nc7 28. Rd2 Red8 29. Bxf7+ Kxf7 30. Rfd1 Rxd2 31. Rxd2 Ne6 32. Rd5 Nd4 33. Rd7+ Ke6 34. Rxg7 Nxb3 35. Rxh7 Nd4 36. Rc7 b3 37. Rxc5 b2 38. f5+ Kxf5 39. e6+ Kxe6 0-1

[Event "Corsica-ch"]
[Site "Bastia"]
[Date "2005.05.28"]
[Round "1.2"]
[White "Battesti, Leo"]
[Black "Have, Didier"]
[Result "0-1"]
[WhiteElo "1897"]
[BlackElo "1940"]
[PlyCount "80"]
[EventDate "2005.05.28"]
[EventType "k.o."]
[EventRounds "4"]
[EventCountry "FRA"]
[SourceTitle "EXT 2007"]
[Source "ChessBase"]
[SourceDate "2006.11.23"]
[SourceVersion "1"]
[SourceVersionDate "2006.11.23"]
[SourceQuality "1"]

1. Nf3 Nf6 2. g3 g6 3. Bg2 Bg7 4. 0-0 0-0 5. d4 d6 6. c4 c5 7. Nc3 Nc6 8. dxc5 dxc5 9. Be3 Be6 10. Bxc5 Bxc4 11. Qa4 Be6 12. Rfd1 Qc8 13. Nd4 Nxd4 14. Bxd4 Bh3 15. Bh1 Ng4 16. Nd5 Re8 17. Rac1 Qf5 18. Rc5 e5 19. Nf4 Nf6 20. f3 b6 21. e4 Qd7 22. Qxd7 Nxd7 23. Rc7 exf4 24. Bxg7 Kxg7 25. gxf4 Nc5 26. Kf2 Be6 27. h4 Red8 28. Rxd8 Rxd8 29. Rxa7 Rd2+ 30. Kg3 Rxb2 31. a4 Rb1 32. Bg2 Ra1 33. Bh3 Bxh3 34. Kxh3 Rxa4 35. Rc7 Rb4 36. Kg4 h5+ 37. Kg3 Rb3 38. e5 Rb4 39. Rc6 Ne6 40. Rd6 Nxf4 0-1

[Event "Corsica-ch"]
[Site "Bastia"]
[Date "2005.05.28"]
[Round "1.1"]
[White "Have, Didier"]
[Black "Battesti, Leo"]
[Result "1/2-1/2"]
[WhiteElo "1940"]
[BlackElo "1897"]
[PlyCount "129"]
[EventDate "2005.05.28"]
[EventType "k.o."]
[EventRounds "4"]
[EventCountry "FRA"]
[SourceTitle "EXT 2007"]
[Source "ChessBase"]
[SourceDate "2006.11.23"]
[SourceVersion "1"]
[SourceVersionDate "2006.11.23"]
[SourceQuality "1"]

1. e4 c5 2. Nf3 Nc6 3. d4 cxd4 4. Nxd4 Nf6 5. Nc3 e5 6. Ndb5 d6 7. Bg5 a6 8. Na3 b5 9. Nd5 Be7 10. Bxf6 Bxf6 11. c3 0-0 12. Nc2 Bg5 13. a4 bxa4 14. Rxa4 f5 15. Bc4 Kh8 16. exf5 Bxf5 17. Nce3 Ne7 18. Nxf5 Rxf5 19. Bd3 Rf8 20. Nxe7 Qxe7 21. Rxa6 Rxa6 22. Bxa6 Qa7 23. Qe2 Ra8 24. 0-0 Qxa6 25. Qf3 Bf6 26. h3 Rb8 27. b4 Qc4 28. Rd1 e4 29. Qe3 d5 30. Qg3 Rd8 31. Qf4 Qxc3 32. Qf5 Qxb4 33. Rxd5 Rxd5 34. Qxd5 Qe1+ 35. Kh2 h6 36. Qf5 Qc3 37. Qxe4 Qe5+ 38. Qxe5 Bxe5+ 39. g3 Kh7 40. f4 Bd6 41. f5 Kg8 42. Kg2 Kf7 43. Kf3 Kf6 44. Kg4 Bxg3 45. Kxg3 Kxf5 46. Kf3 g5 47. Kg3 h5 48. Kf3 Ke5 49. Ke3 Kf6 50. Ke4 Kg6 51. Ke3 Kf5 52. Kf3 Ke6 53. Ke4 Kf6 54. Kf3 Kg7 55. Ke4 Kh6 56. Kf5 h4 57. Ke4 Kg6 58. Ke3 Kf6 59. Kf2 Kg6 60. Ke3 Kf6 61. Kf2 Kg6 62. Ke3 Kf6 63. Kf2 Ke5 64. Ke3 Kf6 65. Kf2 1/2-1/2

[Event "Corsica CC-A"]
[Site "Corsica"]
[Date "2004.08.07"]
[Round "7"]
[White "Szymanski, Piotr2222"]
[Black "Battesti, Leo"]
[Result "1-0"]
[WhiteElo "1980"]
[BlackElo "1820"]
[PlyCount "38"]
[EventDate "2004.08.01"]
[EventType "tourn"]
[EventRounds "9"]
[EventCountry "FRA"]
[SourceTitle "EXT 2008"]
[Source "ChessBase"]
[SourceDate "2007.11.25"]
[SourceVersion "1"]
[SourceVersionDate "2007.11.25"]
[SourceQuality "1"]

1. d4 Nf6 2. Bg5 g6 3. Nf3 Bg7 4. Bxf6 Bxf6 5. e4 c5 6. c3 cxd4 7. cxd4 d6 8. Bc4 Nc6 9. h3 Qb6 10. e5 dxe5 11. dxe5 Bxe5 12. Bxf7+ Kxf7 13. Qd5+ e6 14. Nxe5+ Nxe5 15. Qxe5 Bd7 16. 0-0 Rac8 17. Nc3 Qc5 18. Qf4+ Qf5 19. Qd4 Qc5 1-0

[Event "Corsica CC-A"]
[Site "Corsica"]
[Date "2004.08.03"]
[Round "3"]
[White "Battesti, Leo"]
[Black "Meyssonnier, Patrick"]
[Result "1-0"]
[WhiteElo "1820"]
[BlackElo "1820"]
[PlyCount "59"]
[EventDate "2004.08.01"]
[EventType "tourn"]
[EventRounds "9"]
[EventCountry "FRA"]
[SourceTitle "EXT 2008"]
[Source "ChessBase"]
[SourceDate "2007.11.25"]
[SourceVersion "1"]
[SourceVersionDate "2007.11.25"]
[SourceQuality "1"]

1. Nf3 d5 2. c4 d4 3. d3 c5 4. b4 cxb4 5. a3 Nc6 6. g3 e5 7. Bg2 Nf6 8. 0-0 Be7 9. axb4 Bxb4 10. Ba3 Bxa3 11. Nxa3 0-0 12. Qb3 Re8 13. Nd2 Re7 14. Ne4 Nxe4 15. Bxe4 Bh3 16. Rfb1 a6 17. Qb6 Qc8 18. Rb2 Bf5 19. f3 Bxe4 20. fxe4 Qh3 21. Nb5 Re6 22. Qxb7 Rb8 23. Qd7 Rd8 24. Qc7 Rh6 25. e3 Rc8 26. Qb7 axb5 27. Ra8 Ne7 28. Rba2 Rhc6 29. Qxe7 bxc4 30. Qe8+ 1-0

[Event "Corsica CC-A"]
[Site "Corsica"]
[Date "2004.08.01"]
[Round "1"]
[White "Battesti, Leo"]
[Black "Gil, Ludovic"]
[Result "1-0"]
[WhiteElo "1820"]
[BlackElo "1660"]
[PlyCount "43"]
[EventDate "2004.08.01"]
[EventType "tourn"]
[EventRounds "9"]
[EventCountry "FRA"]
[SourceTitle "EXT 2008"]
[Source "ChessBase"]
[SourceDate "2007.11.25"]
[SourceVersion "1"]
[SourceVersionDate "2007.11.25"]
[SourceQuality "1"]

1. Nf3 Nf6 2. g3 d5 3. c4 c6 4. d4 dxc4 5. a4 b5 6. axb5 cxb5 7. Nc3 Bd7 8. Bg2 Bc6 9. 0-0 a6 10. Ne5 Bxg2 11. Kxg2 Nbd7 12. Nc6 Qb6 13. d5 Nb8 14. Be3 Qb7 15. Na5 Qd7 16. Bc5 Qc7 17. Bb4 Nbd7 18. Nc6 Qb7 19. e4 Nb8 20. Na5 Qc7 21. f4 Ng4 22. Qxg4 1-0